[Event "Moscow Sveshnikov Memorial Blitz"]
[Site "Moscow"]
[Date "2023.12.09"]
[Round "9"]
[White "Sirotkina, Nina"]
[Black "Smagin, Sergey"]
[Result "1-0"]
[WhiteElo "2149"]
[BlackElo "2551"]
[PlyCount "75"]
[EventDate "2023.12.09"]
[EventType "tourn (blitz)"]
[EventRounds "11"]
[EventCountry "RUS"]
[EventCategory "1"]
[SourceTitle "CB50_2023"]
[SourceDate "2023.12.13"]
[SourceVersion "1"]
[SourceVersionDate "2023.12.13"]
[SourceQuality "1"]

1. d4 d5 2. Bf4 c6 3. e3 Bf5 4. c3 e6 5. Nd2 Nf6 6. Ngf3 Nbd7 7. h3 h6 8. Be2 Be7 9. 0-0 0-0 10. Ne5 Re8 11. Bh2 Nxe5 12. Bxe5 Nd7 13. Bh2 Bf8 14. Nf3 a5 15. Bd3 a4 16. Bxf5 exf5 17. Qc2 g6 18. c4 dxc4 19. Qxc4 Nb6 20. Qc2 Qd5 21. Ne5 Bd6 22. Nd3 Bxh2+ 23. Kxh2 Qd6+ 24. Kg1 Nd5 25. Nc5 Re7 26. a3 Nb6 27. Nd3 Nd5 28. Nc5 b5 29. Rac1 f4 30. e4 Nb6 31. Rfd1 Nc4 32. e5 Qd5 33. Ne4 Kg7 34. Nf6 Qe6 35. Qe4 g5 36. Ra1 h5 37. Qe1 Ree8 38. Kh1 1-0

[Event "Moscow Sveshnikov Memorial Blitz"]
[Site "Moscow"]
[Date "2023.12.09"]
[Round "8"]
[White "Smagin, Sergey"]
[Black "Raetsky, Alexander"]
[Result "1-0"]
[WhiteElo "2551"]
[BlackElo "2310"]
[PlyCount "113"]
[EventDate "2023.12.09"]
[EventType "tourn (blitz)"]
[EventRounds "11"]
[EventCountry "RUS"]
[EventCategory "1"]
[SourceTitle "CB50_2023"]
[SourceDate "2023.12.13"]
[SourceVersion "1"]
[SourceVersionDate "2023.12.13"]
[SourceQuality "1"]

1. e4 c5 2. Nf3 Nc6 3. Bb5 e6 4. 0-0 Nge7 5. Re1 a6 6. Bf1 d5 7. exd5 Qxd5 8. Nc3 Qd8 9. Ne4 Nf5 10. b3 Be7 11. Bb2 0-0 12. Ng3 Nxg3 13. hxg3 Bf6 14. Bxf6 Qxf6 15. Qe2 Rd8 16. Qe3 b6 17. Bd3 Bb7 18. Be4 Rab8 19. Bxc6 Bxc6 20. Ne5 Bb7 21. d3 h6 22. a4 a5 23. Rad1 Rd4 24. Nc4 Ba8 25. Qe5 Qxe5 26. Rxe5 Rd7 27. Rde1 Bd5 28. Nd2 f6 29. R5e3 e5 30. f4 exf4 31. gxf4 Kf7 32. Kf2 g5 33. fxg5 hxg5 34. Rh1 Kg6 35. Reh3 Rg7 36. Rh6+ Kf7 37. Re1 Rb7 38. Nc4 Bxc4 39. bxc4 Re7 40. Rxe7+ Kxe7 41. Rh8 f5 42. Rh6 Rg8 43. Rxb6 Rh8 44. Rc6 Rh1 45. Rxc5 Kf6 46. Rxa5 Rc1 47. Rd5 Rxc2+ 48. Kf3 Ra2 49. a5 Ra3 50. g4 f4 51. Rf5+ Kg6 52. Ke4 Ra1 53. Kd4 Rg1 54. a6 Ra1 55. c5 Rxa6 56. Kd5 Rf6 57. c6 1-0

[Event "Sochi Pearl Blitz op"]
[Site "Sochi"]
[Date "2023.10.12"]
[Round "6"]
[White "Alekseev, Evgeny V"]
[Black "Smagin, Sergey"]
[Result "1/2-1/2"]
[WhiteElo "2573"]
[BlackElo "2551"]
[PlyCount "127"]
[EventDate "2023.10.12"]
[EventType "swiss (blitz)"]
[EventRounds "13"]
[EventCountry "RUS"]
[SourceTitle "Mega2024 Update 01"]
[Source "Chessbase"]
[SourceDate "2023.11.12"]
[SourceVersion "1"]
[SourceVersionDate "2023.11.12"]
[SourceQuality "1"]

1. Nf3 d5 2. e3 Nf6 3. c4 e6 4. Nc3 Nbd7 5. b3 b6 6. Bb2 Bb7 7. d4 a6 8. Bd3 Bd6 9. 0-0 0-0 10. cxd5 exd5 11. Rc1 Re8 12. Ne2 Ne4 13. Qc2 h6 14. Ne5 Bxe5 15. dxe5 c5 16. f3 Ng5 17. f4 Ne4 18. Ng3 Nxg3 19. hxg3 Rc8 20. Qe2 b5 21. Qg4 Nf8 22. Bb1 d4 23. exd4 cxd4 24. Rcd1 Ne6 25. Kh2 Qd5 26. Qe2 Red8 27. f5 Ng5 28. Rxd4 Qc6 29. Rxd8+ Rxd8 30. e6 fxe6 31. f6 Rf8 32. Rc1 Qd5 33. fxg7 Rc8 34. Rxc8+ Bxc8 35. Qc2 Bb7 36. Qf2 Qd8 37. Bc2 Be4 38. Bd1 Bf5 39. Be2 Ne4 40. Qe3 Qg5 41. Qxg5 hxg5 42. g4 Bg6 43. Bf3 a5 44. Be5 b4 45. Bc7 Nc3 46. Bxa5 Nxa2 47. Bd8 Kxg7 48. Bxg5 Bc2 49. Be3 Bxb3 50. Bd4+ Kf7 51. Be4 Bd5 52. Bd3 b3 53. g5 Nb4 54. g6+ Kg8 55. Bb1 Nc2 56. Bc3 Ne3 57. Kg3 Nc4 58. Kf4 b2 59. Bd3 e5+ 60. Bxe5 Nxe5 61. Kxe5 Bxg2 62. Kf6 Bd5 63. g7 Ba2 64. Bf5 1/2-1/2

[Event "Sochi Pearl Rapid op"]
[Site "Sochi"]
[Date "2023.10.10"]
[Round "8"]
[White "Smagin, Sergey"]
[Black "Nazaryev, Sergey"]
[Result "1/2-1/2"]
[WhiteElo "2551"]
[BlackElo "2270"]
[PlyCount "93"]
[EventDate "2023.10.09"]
[EventType "swiss (rapid)"]
[EventRounds "11"]
[EventCountry "RUS"]
[SourceTitle "Mega2024 Update 01"]
[Source "Chessbase"]
[SourceDate "2023.11.12"]
[SourceVersion "1"]
[SourceVersionDate "2023.11.12"]
[SourceQuality "1"]

1. e4 c6 2. d4 d5 3. e5 Bf5 4. Nf3 e6 5. Be2 h6 6. 0-0 Nd7 7. Re1 Qc7 8. c4 Bxb1 9. Rxb1 dxc4 10. Bxc4 Nb6 11. Bd3 Ne7 12. a3 Ned5 13. Nd2 0-0-0 14. Ne4 Kb8 15. Qf3 c5 16. dxc5 Bxc5 17. Nxc5 Qxc5 18. Bd2 Rd7 19. b4 Qe7 20. Rbc1 Rhd8 21. Bf1 Rc8 22. Rxc8+ Kxc8 23. Qg3 Qf8 24. Qb3 Rc7 25. a4 Kb8 26. a5 Nd7 27. Bc4 Ne7 28. Bd3 Qc8 29. Be4 Nxe5 30. Bf4 f6 31. Qg3 Nd5 32. Bxd5 exd5 33. Rxe5 fxe5 34. Bxe5 Qd7 35. Qf4 Kc8 36. Bxc7 Qxc7 37. Qf8+ Qd8 38. Qxg7 d4 39. Qxh6 d3 40. Qc1+ Kb8 41. Qd2 Qd4 42. Kf1 Qa1+ 43. Qe1 Qd4 44. Qe8+ Kc7 45. Qe7+ Kb8 46. Qf8+ Kc7 47. Qc5+ 1/2-1/2

[Event "Sochi Pearl Rapid op"]
[Site "Sochi"]
[Date "2023.10.10"]
[Round "7"]
[White "Truskavetsky, Alexandr"]
[Black "Smagin, Sergey"]
[Result "1-0"]
[WhiteElo "2348"]
[BlackElo "2551"]
[PlyCount "65"]
[EventDate "2023.10.09"]
[EventType "swiss (rapid)"]
[EventRounds "11"]
[EventCountry "RUS"]
[SourceTitle "Mega2024 Update 01"]
[Source "Chessbase"]
[SourceDate "2023.11.12"]
[SourceVersion "1"]
[SourceVersionDate "2023.11.12"]
[SourceQuality "1"]

1. d4 d5 2. c4 e6 3. Nf3 Nd7 4. g3 dxc4 5. Bg2 Ngf6 6. 0-0 Rb8 7. Qc2 b5 8. b3 Bb7 9. Nbd2 cxb3 10. axb3 a6 11. e4 c5 12. d5 e5 13. Bb2 Bd6 14. Nh4 g6 15. f4 0-0 16. fxe5 Nxe5 17. Ndf3 Nfd7 18. Bh3 Qe7 19. Qc3 f6 20. Be6+ Kg7 21. g4 c4 22. bxc4 Nxc4 23. Nd4 Nc5 24. Ndf5+ gxf5 25. Nxf5+ Kh8 26. Nxe7 Be5 27. Rxf6 Rxf6 28. Qxe5 Nxe5 29. Bxe5 Nxe4 30. g5 Rbf8 31. gxf6 Nxf6 32. Rf1 Kg7 33. d6 1-0

[Event "Sochi Pearl Rapid op"]
[Site "Sochi"]
[Date "2023.10.09"]
[Round "3"]
[White "Khripachenko, Alexander"]
[Black "Smagin, Sergey"]
[Result "1-0"]
[WhiteElo "2259"]
[BlackElo "2551"]
[PlyCount "53"]
[EventDate "2023.10.09"]
[EventType "swiss (rapid)"]
[EventRounds "11"]
[EventCountry "RUS"]
[SourceTitle "Mega2024 Update 01"]
[Source "Chessbase"]
[SourceDate "2023.11.12"]
[SourceVersion "1"]
[SourceVersionDate "2023.11.12"]
[SourceQuality "1"]

1. e4 e5 2. Nf3 Nc6 3. Bb5 a6 4. Ba4 Nf6 5. 0-0 Be7 6. d3 d6 7. c3 0-0 8. Re1 Nd7 9. d4 Bf6 10. h3 b5 11. Bb3 Bb7 12. a4 Na5 13. Bc2 c5 14. dxc5 dxc5 15. Nh2 c4 16. Ng4 Nc5 17. Nd2 Qe7 18. axb5 axb5 19. Nf3 Nab3 20. Rxa8 Rxa8 21. Be3 Ra2 22. Nxf6+ Qxf6 23. Bxb3 Nxb3 24. Qd7 h6 25. Qxb7 Rxb2 26. Qxb5 Qg6 27. Qxc4 1-0

[Event "St Petersburg-ch Seniors Blitz"]
[Site "St Petersburg"]
[Date "2022.10.05"]
[Round "10"]
[White "Ionov, Sergey"]
[Black "Smagin, Sergey"]
[Result "1/2-1/2"]
[WhiteElo "2460"]
[BlackElo "2451"]
[PlyCount "41"]
[EventDate "2022.10.05"]
[EventType "swiss"]
[EventRounds "11"]
[EventCountry "RUS"]
[SourceTitle "CBM 210 Extra"]
[Source "ChessBase"]
[SourceDate "2022.11.30"]
[SourceVersion "1"]
[SourceVersionDate "2022.11.30"]
[SourceQuality "1"]

1. e4 e5 2. Nf3 Nc6 3. Bc4 Nf6 4. d3 Bc5 5. 0-0 d6 6. c3 0-0 7. Bb3 a6 8. Nbd2 h6 9. h3 Re8 10. Re1 Be6 11. Bc2 Ba7 12. Nf1 d5 13. exd5 Bxd5 14. Ng3 Qd7 15. Be3 Bxe3 16. Rxe3 Rad8 17. Qe2 Bxf3 18. Qxf3 Nd5 19. Ree1 Nf6 20. Rad1 Qd5 21. Qxd5 1/2-1/2

[Event "St Petersburg-ch Seniors Blitz"]
[Site "St Petersburg"]
[Date "2022.10.05"]
[Round "6"]
[White "Shalygin, Andreij"]
[Black "Smagin, Sergey"]
[Result "0-1"]
[WhiteElo "2136"]
[BlackElo "2451"]
[PlyCount "62"]
[EventDate "2022.10.05"]
[EventType "swiss"]
[EventRounds "11"]
[EventCountry "RUS"]
[SourceTitle "CBM 210 Extra"]
[Source "ChessBase"]
[SourceDate "2022.11.30"]
[SourceVersion "1"]
[SourceVersionDate "2022.11.30"]
[SourceQuality "1"]

1. e4 e5 2. Nf3 Nc6 3. Nc3 Nf6 4. Bb5 Bb4 5. 0-0 0-0 6. Bxc6 dxc6 7. d3 Re8 8. Ne2 Bf8 9. Ng3 Nd7 10. Ne1 Nc5 11. f4 exf4 12. Bxf4 Qd4+ 13. Kh1 Qxb2 14. Bxc7 Ne6 15. Ba5 f6 16. Bd2 c5 17. a4 c4 18. Nf5 cxd3 19. cxd3 Nc5 20. Be3 Qb3 21. Qg4 Bxf5 22. Qxf5 Nxd3 23. Nf3 Qe6 24. Qb5 Qxe4 25. Bg1 a6 26. Qb3+ Kh8 27. Rad1 Rad8 28. Bb6 Rd6 29. a5 Qe2 30. h3 Nf4 31. Rf2 Qxd1+ 0-1

[Event "St Petersburg-ch Seniors Blitz"]
[Site "St Petersburg"]
[Date "2022.10.05"]
[Round "3"]
[White "Smagin, Sergey"]
[Black "Mamoshin, Valery"]
[Result "1-0"]
[WhiteElo "2451"]
[BlackElo "2103"]
[PlyCount "113"]
[EventDate "2022.10.05"]
[EventType "swiss"]
[EventRounds "11"]
[EventCountry "RUS"]
[SourceTitle "CBM 210 Extra"]
[Source "ChessBase"]
[SourceDate "2022.11.30"]
[SourceVersion "1"]
[SourceVersionDate "2022.11.30"]
[SourceQuality "1"]

1. e4 e5 2. Nc3 Nf6 3. g3 Bc5 4. Bg2 c6 5. Nge2 d5 6. exd5 cxd5 7. d4 exd4 8. Nxd4 Nc6 9. Nb3 Bb4 10. 0-0 0-0 11. Nxd5 Nxd5 12. Qxd5 Qxd5 13. Bxd5 Bf5 14. c3 Be7 15. Re1 Bf6 16. Bf4 Rfe8 17. h4 h6 18. Nc5 Rad8 19. Rxe8+ Rxe8 20. Nxb7 Ne5 21. Nd6 Rd8 22. Nxf5 Rxd5 23. Bxe5 Rxe5 24. Ne3 Rb5 25. Nd1 Rd5 26. Kf1 Rd2 27. Ke1 Rc2 28. Rb1 g5 29. Ne3 Bxc3+ 30. bxc3 Rxc3 31. hxg5 hxg5 32. Rb5 Ra3 33. Rb2 Kg7 34. Ke2 Kg6 35. g4 Kf6 36. Rc2 Kg6 37. Kf3 Ra4 38. Rd2 Ra6 39. Nf5 Ra3+ 40. Ke4 Ra4+ 41. Nd4 Ra3 42. Rc2 f6 43. f3 Ra5 44. Rc7 Ra4 45. Kd5 Ra5+ 46. Kc4 Rxa2 47. Kb3 Rf2 48. Nf5 Rxf3+ 49. Kc2 Rxf5 50. gxf5+ Kxf5 51. Kd3 a6 52. Rc6 Ke5 53. Rxa6 f5 54. Ke3 g4 55. Ra5+ Kf6 56. Kf4 Kg6 57. Ra1 1-0

[Event "St Petersburg-ch Seniors Blitz"]
[Site "St Petersburg"]
[Date "2022.10.05"]
[Round "8"]
[White "Smagin, Sergey"]
[Black "Provotorov, Alexandr P"]
[Result "1/2-1/2"]
[WhiteElo "2451"]
[BlackElo "2329"]
[PlyCount "83"]
[EventDate "2022.10.05"]
[EventType "swiss"]
[EventRounds "11"]
[EventCountry "RUS"]
[SourceTitle "CBM 210 Extra"]
[Source "ChessBase"]
[SourceDate "2022.11.30"]
[SourceVersion "1"]
[SourceVersionDate "2022.11.30"]
[SourceQuality "1"]

1. e4 e5 2. Nc3 Nc6 3. g3 h5 4. h3 Bc5 5. Bg2 a6 6. Nf3 d6 7. Ne2 Nf6 8. d3 d5 9. Nxe5 Nxe5 10. d4 Bb4+ 11. c3 Nc6 12. e5 Be7 13. exf6 Bxf6 14. Nf4 h4 15. Nxd5 0-0 16. 0-0 Bg5 17. Bxg5 Qxg5 18. Nxc7 Rb8 19. Qc1 Qd8 20. Nd5 Be6 21. Nf4 Bc4 22. Re1 Rc8 23. Qd2 hxg3 24. fxg3 Qg5 25. Kh2 a5 26. h4 Qh6 27. Qe3 Rcd8 28. Nh3 Qd6 29. Qf4 Qd7 30. b3 Bd5 31. Re3 Bxg2 32. Kxg2 b5 33. Rd1 a4 34. Ng5 axb3 35. axb3 Rfe8 36. Rxe8+ Rxe8 37. Rd2 Qd5+ 38. Qf3 Qd7 39. b4 f6 40. Nh3 Ne5 41. Qd1 Qd5+ 42. Kf2 1/2-1/2

[Event "St Petersburg-ch Seniors Blitz"]
[Site "St Petersburg"]
[Date "2022.10.05"]
[Round "4"]
[White "Vul, Arkadi Eremeevich"]
[Black "Smagin, Sergey"]
[Result "0-1"]
[WhiteElo "2081"]
[BlackElo "2451"]
[PlyCount "51"]
[EventDate "2022.10.05"]
[EventType "swiss"]
[EventRounds "11"]
[EventCountry "RUS"]
[SourceTitle "CBM 210 Extra"]
[Source "ChessBase"]
[SourceDate "2022.11.30"]
[SourceVersion "1"]
[SourceVersionDate "2022.11.30"]
[SourceQuality "1"]

1. Nf3 d5 2. d4 e6 3. c4 Nd7 4. Nc3 Ngf6 5. Bf4 dxc4 6. e3 Nd5 7. Bxc4 Nxf4 8. exf4 Bd6 9. g3 0-0 10. 0-0 b6 11. Ne4 Bb7 12. Nxd6 cxd6 13. d5 Rc8 14. dxe6 Rxc4 15. exd7 Qxd7 16. Nd4 Rfc8 17. Qd2 Qh3 18. f3 Qh6 19. Rac1 d5 20. Rfe1 Qf6 21. Rcd1 h6 22. Re5 Qd6 23. Rde1 Qc5 24. Rd1 Kh8 25. Kg2 a5 26. h4 0-1

[Event "St Petersburg-ch Seniors Rapid"]
[Site "St Petersburg"]
[Date "2022.10.04"]
[Round "10"]
[White "Smagin, Sergey"]
[Black "Napalkov, Vladimir Aleksandro"]
[Result "1/2-1/2"]
[WhiteElo "2451"]
[BlackElo "1951"]
[PlyCount "74"]
[EventDate "2022.10.03"]
[EventType "swiss (rapid)"]
[EventRounds "10"]
[EventCountry "RUS"]
[SourceTitle "EXT 2024"]
[Source "ChessBase"]
[SourceDate "2023.10.10"]
[SourceVersion "1"]
[SourceVersionDate "2023.10.10"]
[SourceQuality "1"]

1. e4 c6 2. d4 d5 3. e5 Bf5 4. Nf3 e6 5. Be2 Ne7 6. 0-0 h6 7. c3 Bh7 8. b4 Ng6 9. a4 Be7 10. g3 0-0 11. Bd3 Nd7 12. Re1 f6 13. exf6 Rxf6 14. Nbd2 Qc7 15. Re3 Bd6 16. Qe2 Re8 17. Bb2 e5 18. dxe5 Ngxe5 19. Nxe5 Rxe5 20. Bxh7+ Kxh7 21. Rxe5 Nxe5 22. f4 Nd7 23. Re1 Rf7 24. Qd3+ Kg8 25. a5 Nf6 26. Kg2 Re7 27. Re3 Qd7 28. c4 Rxe3 29. Qxe3 Bxb4 30. Bxf6 Bxd2 31. Qxd2 gxf6 32. Qd4 Kf7 33. Qxa7 dxc4 34. a6 Qd5+ 35. Kh3 Qh5+ 36. Kg2 Qe2+ 37. Kh3 Qh5+ 1/2-1/2

[Event "St Petersburg-ch Seniors Rapid"]
[Site "St Petersburg"]
[Date "2022.10.04"]
[Round "7"]
[White "Smagin, Sergey"]
[Black "Skomorohov, Grigorij"]
[Result "1/2-1/2"]
[WhiteElo "2451"]
[BlackElo "1956"]
[PlyCount "89"]
[EventDate "2022.10.03"]
[EventType "swiss (rapid)"]
[EventRounds "10"]
[EventCountry "RUS"]
[SourceTitle "EXT 2024"]
[Source "ChessBase"]
[SourceDate "2023.10.10"]
[SourceVersion "1"]
[SourceVersionDate "2023.10.10"]
[SourceQuality "1"]

1. e4 c5 2. Nf3 Nc6 3. Bb5 g6 4. 0-0 Bg7 5. Re1 Nf6 6. c3 0-0 7. d4 cxd4 8. cxd4 d5 9. e5 Ne4 10. h3 Qb6 11. Ba4 Bd7 12. Nc3 Nxc3 13. bxc3 Rad8 14. Ba3 Rfe8 15. Rb1 Qc7 16. Bb3 Bf5 17. Rc1 b5 18. Qe2 a6 19. g4 Bc8 20. Bc5 Na5 21. Bc2 Nc4 22. a4 bxa4 23. Bxa4 Bd7 24. Bxd7 Qxd7 25. e6 fxe6 26. Qxe6+ Qxe6 27. Rxe6 Nd6 28. Ra1 Ne4 29. Bb4 Rc8 30. Raxa6 Nxc3 31. Rxe7 Rxe7 32. Bxe7 Ne2+ 33. Kg2 Nxd4 34. Nxd4 Bxd4 35. Bh4 Bg7 36. Rd6 d4 37. Rd7 Ra8 38. Rd8+ Rxd8 39. Bxd8 d3 40. Kf3 Bd4 41. Bg5 Kf7 42. Bd2 h5 43. Ke4 Bxf2 44. Kxd3 hxg4 45. hxg4 1/2-1/2

[Event "RUS-ch Rapid"]
[Site "Sochi"]
[Date "2021.10.13"]
[Round "7"]
[White "Smagin, Sergey"]
[Black "Grebnev, Aleksey"]
[Result "0-1"]
[WhiteElo "2551"]
[BlackElo "2469"]
[PlyCount "73"]
[EventDate "2021.10.12"]
[EventType "swiss (rapid)"]
[EventRounds "11"]
[EventCountry "RUS"]
[SourceTitle "CBM 204 Extra"]
[Source "ChessBase"]
[SourceDate "2021.11.30"]
[SourceVersion "1"]
[SourceVersionDate "2021.11.30"]
[SourceQuality "1"]

1. e4 c5 2. c3 Nf6 3. e5 Nd5 4. Nf3 Nc6 5. Na3 e6 6. Nc4 Qc7 7. a4 Nb6 8. d4 Nxc4 9. Bxc4 cxd4 10. cxd4 Nb4 11. Qe2 b6 12. 0-0 Bb7 13. Bd2 Be7 14. Rfc1 Qd8 15. Bxb4 Bxb4 16. Bd3 0-0 17. Be4 Bxe4 18. Qxe4 d5 19. Qd3 a6 20. Rc6 b5 21. h3 Qd7 22. axb5 axb5 23. Rxa8 Qxc6 24. Rxf8+ Bxf8 25. b3 h6 26. g3 Bb4 27. Kg2 Ba3 28. h4 g6 29. h5 gxh5 30. Ng1 Bc1 31. Ne2 b4 32. f4 Bb2 33. f5 exf5 34. Nf4 h4 35. Qxf5 Bxd4 36. gxh4 Be3 37. e6 0-1

[Event "RUS-ch Blitz"]
[Site "Sochi"]
[Date "2021.10.11"]
[Round "6"]
[White "Demidov, Mikhail"]
[Black "Smagin, Sergey"]
[Result "1-0"]
[WhiteElo "2551"]
[BlackElo "2551"]
[PlyCount "50"]
[EventDate "2021.10.11"]
[EventType "swiss (blitz)"]
[EventRounds "13"]
[EventCountry "RUS"]
[SourceTitle "CBM 204 Extra"]
[Source "ChessBase"]
[SourceDate "2021.11.30"]
[SourceVersion "1"]
[SourceVersionDate "2021.11.30"]
[SourceQuality "1"]

1. Nf3 d5 2. g3 c5 3. Bg2 Nc6 4. d4 e6 5. 0-0 Nf6 6. c4 dxc4 7. Qa4 Bd7 8. dxc5 Na5 9. Qa3 b6 10. b4 cxb3 11. axb3 Bxc5 12. b4 Be7 13. Ne5 Rc8 14. Rd1 Nc4 15. Nxc4 Rxc4 16. Qxa7 0-0 17. Bb2 Qc8 18. Nd2 Rxb4 19. Rac1 Qe8 20. Bxf6 Bxf6 21. Ne4 Ba4 22. Nxf6+ gxf6 23. Rd2 Kg7 24. h3 Qb8 25. Qa6 Qd8 1-0

[Event "Sochi Lobanov Memorial Blitz"]
[Site "Sochi"]
[Date "2021.10.09"]
[Round "3"]
[White "Savchenko, Boris"]
[Black "Smagin, Sergey"]
[Result "1-0"]
[WhiteElo "2535"]
[BlackElo "2551"]
[PlyCount "95"]
[EventDate "2021.10.09"]
[EventType "swiss (blitz)"]
[EventRounds "13"]
[EventCountry "RUS"]
[SourceTitle "CBM 204 Extra"]
[Source "ChessBase"]
[SourceDate "2021.11.30"]
[SourceVersion "1"]
[SourceVersionDate "2021.11.30"]
[SourceQuality "1"]

1. e4 d5 2. exd5 Nf6 3. Nf3 Nxd5 4. d4 g6 5. c4 Nb6 6. Nc3 Bg7 7. c5 Nd5 8. Bc4 c6 9. 0-0 0-0 10. Re1 Nxc3 11. bxc3 b6 12. Ba3 b5 13. Bb3 a5 14. Bc1 a4 15. Bc2 Bg4 16. Bg5 Bf6 17. Bh6 Re8 18. h3 Bxf3 19. Qxf3 e6 20. Be4 Ra6 21. a3 Bg7 22. Bf4 e5 23. dxe5 Qe7 24. e6 Qxe6 25. Rad1 Qf6 26. Qg3 Ra8 27. Bxg6 Rxe1+ 28. Rxe1 Nd7 29. Bd3 Nxc5 30. Be5 Qh6 31. Bb8 Ne6 32. Be4 Qd2 33. Rb1 Qxc3 34. Qd6 Qd4 35. Bxc6 Qxd6 36. Bxd6 Nd4 37. Bxa8 Ne2+ 38. Kf1 Nc3 39. Rc1 Bd4 40. Bb4 Na2 41. Rc8+ Kg7 42. Bf8+ Kf6 43. Bd5 Nc3 44. Rc6+ Ke5 45. Bxf7 Ne4 46. Re6+ Kf5 47. Rxe4 Kxe4 48. Be8 1-0

[Event "Tuapse Blitz op"]
[Site "Tuapse"]
[Date "2021.07.08"]
[Round "12"]
[White "Smagin, Sergey"]
[Black "Pshmahov, Osman"]
[Result "0-1"]
[WhiteElo "2551"]
[BlackElo "2226"]
[PlyCount "60"]
[EventDate "2021.07.08"]
[EventType "swiss (blitz)"]
[EventRounds "13"]
[EventCountry "RUS"]
[SourceTitle "CBM 203 Extra"]
[Source "ChessBase"]
[SourceDate "2021.09.30"]
[SourceVersion "1"]
[SourceVersionDate "2021.09.30"]
[SourceQuality "1"]

1. e4 d6 2. d4 Nf6 3. Bd3 g6 4. c3 Bg7 5. Nf3 0-0 6. 0-0 c5 7. Re1 Nc6 8. h3 cxd4 9. cxd4 e5 10. d5 Ne7 11. Nc3 Nd7 12. Be3 a6 13. Rc1 h6 14. Bb1 f5 15. exf5 gxf5 16. b4 Nf6 17. Qb3 f4 18. Bd2 Kh8 19. Nh4 Rf7 20. Bxf4 exf4 21. Rxe7 Rxe7 22. Ng6+ Kg8 23. Nxe7+ Qxe7 24. Qc4 f3 25. g4 Nxg4 26. hxg4 Qh4 27. Qf4 Be5 28. Qxf3 Bh2+ 29. Kf1 Bxg4 30. Qe4 Kf8 0-1

[Event "Tuapse Rapid op"]
[Site "Tuapse"]
[Date "2021.07.07"]
[Round "7"]
[White "Smagin, Sergey"]
[Black "Ismagilov, Igor"]
[Result "1-0"]
[WhiteElo "2551"]
[BlackElo "2072"]
[PlyCount "57"]
[EventDate "2021.07.06"]
[EventType "swiss (rapid)"]
[EventRounds "9"]
[EventCountry "RUS"]
[SourceTitle "CBM 203 Extra"]
[Source "ChessBase"]
[SourceDate "2021.09.30"]
[SourceVersion "1"]
[SourceVersionDate "2021.09.30"]
[SourceQuality "1"]

1. e4 c5 2. Nf3 Nc6 3. Bb5 d6 4. 0-0 Nf6 5. e5 Nd5 6. d4 Bg4 7. h3 Bxf3 8. Qxf3 a6 9. Bxc6+ bxc6 10. c4 Nc7 11. Qxc6+ Qd7 12. Qxd7+ Kxd7 13. exd6 exd6 14. dxc5 dxc5 15. Nc3 Kc6 16. Be3 g6 17. Rad1 Bg7 18. Nd5 Ne6 19. b3 a5 20. Rd2 a4 21. b4 cxb4 22. Nxb4+ Kc7 23. Rfd1 Rhd8 24. Nd5+ Kc6 25. Kf1 Rab8 26. g4 Rb2 27. Ne7+ Kc7 28. Rxd8 Nxd8 29. Bf4+ 1-0

[Event "RUS-ch blitz"]
[Site "Sochi"]
[Date "2019.10.17"]
[Round "7"]
[White "Khegay, Dmitriy"]
[Black "Smagin, Sergey"]
[Result "1-0"]
[WhiteElo "2509"]
[BlackElo "2551"]
[PlyCount "71"]
[EventDate "2019.10.17"]
[EventType "swiss (blitz)"]
[EventRounds "15"]
[EventCountry "RUS"]
[SourceTitle "CBM 192 Extra"]
[Source "Chessbase"]
[SourceDate "2019.11.06"]
[SourceVersion "1"]
[SourceVersionDate "2019.11.06"]
[SourceQuality "1"]

1. e4 e5 2. Nf3 Nc6 3. Bc4 Nf6 4. d3 Bc5 5. c3 0-0 6. Bb3 a6 7. Nbd2 Ba7 8. Nf1 d5 9. exd5 Nxd5 10. Ng3 Nf4 11. Bxf4 exf4 12. Ne4 Na5 13. 0-0 Nxb3 14. axb3 f5 15. Neg5 h6 16. Nh3 g5 17. Ne5 c5 18. Qh5 Qf6 19. Ng6 Rf7 20. Rae1 Bd7 21. Qxh6 Rh7 22. Qxg5 Qxg5 23. Nxg5 Rg7 24. Ne5 Rxg5 25. Nxd7 f3 26. g3 f4 27. Ne5 fxg3 28. hxg3 c4 29. d4 cxb3 30. Nxf3 Ra5 31. Nd2 Ra2 32. Rb1 Re8 33. Nxb3 Re2 34. Nc1 Rexb2 35. Nxa2 Rxa2 36. Rxb7 1-0

[Event "RUS-ch blitz"]
[Site "Sochi"]
[Date "2019.10.17"]
[Round "13"]
[White "Morozevich, Alexander"]
[Black "Smagin, Sergey"]
[Result "1-0"]
[WhiteElo "2659"]
[BlackElo "2551"]
[PlyCount "43"]
[EventDate "2019.10.17"]
[EventType "swiss (blitz)"]
[EventRounds "15"]
[EventCountry "RUS"]
[SourceTitle "CBM 192 Extra"]
[Source "Chessbase"]
[SourceDate "2019.11.06"]
[SourceVersion "1"]
[SourceVersionDate "2019.11.06"]
[SourceQuality "1"]

1. d4 d5 2. Nc3 Nf6 3. Bg5 Nbd7 4. Nf3 e6 5. e4 h6 6. Bh4 g5 7. Bg3 Bb4 8. exd5 exd5 9. Bd3 Qe7+ 10. Kf1 c6 11. h4 g4 12. Ne5 h5 13. Qd2 Ne4 14. Bxe4 dxe4 15. Re1 Nf6 16. Kg1 Be6 17. a3 Bxc3 18. Qxc3 Nd5 19. Qa5 Bf5 20. c4 Nb6 21. Nxc6 Qd7 22. Qe5+ 1-0

[Event "RUS-ch blitz"]
[Site "Sochi"]
[Date "2019.10.17"]
[Round "4"]
[White "Popov, Valerij"]
[Black "Smagin, Sergey"]
[Result "1/2-1/2"]
[WhiteElo "2535"]
[BlackElo "2551"]
[PlyCount "97"]
[EventDate "2019.10.17"]
[EventType "swiss (blitz)"]
[EventRounds "15"]
[EventCountry "RUS"]
[SourceTitle "CBM 192 Extra"]
[Source "Chessbase"]
[SourceDate "2019.11.06"]
[SourceVersion "1"]
[SourceVersionDate "2019.11.06"]
[SourceQuality "1"]

1. e4 e5 2. Bc4 Nf6 3. d3 Bc5 4. Nf3 d6 5. a4 a5 6. 0-0 0-0 7. h3 Be6 8. Nbd2 Nc6 9. Re1 Re8 10. c3 Bxc4 11. Nxc4 d5 12. exd5 Qxd5 13. Bg5 e4 14. Bxf6 exf3 15. Bh4 fxg2 16. Qd2 h6 17. Bg3 Re6 18. Rxe6 Qxe6 19. Kxg2 Rd8 20. Rd1 Rd7 21. b3 Bf8 22. d4 Qd5+ 23. Kh2 Qf3 24. Qd3 Qxd3 25. Rxd3 b6 26. d5 Bc5 27. Nd2 Ne7 28. c4 Nf5 29. Ne4 Bb4 30. Kg2 f6 31. Bh2 Kf7 32. Kf3 g5 33. Nc3 Bxc3 34. Rxc3 h5 35. Ke4 Kg6 36. Rf3 Re7+ 37. Kd3 Rd7 38. Kc3 Nd6 39. Re3 g4 40. hxg4 hxg4 41. Re6 Kf5 42. Bxd6 Rxd6 43. Re7 c6 44. dxc6 Rxc6 45. b4 axb4+ 46. Kxb4 Kf4 47. Re3 f5 48. Kb5 Rc5+ 49. Kb4 1/2-1/2